<?xml version="1.0" encoding="UTF-8"?>
<record
    xmlns:xsi="http://www.w3.org/2001/XMLSchema-instance"
    xsi:schemaLocation="http://www.loc.gov/MARC21/slim http://www.loc.gov/standards/marcxml/schema/MARC21slim.xsd"
    xmlns="http://www.loc.gov/MARC21/slim">

  <leader>00827nam a2200229 a 4500</leader>
  <controlfield tag="001">BRCA_2211</controlfield>
  <controlfield tag="005">20190320203722.0</controlfield>
  <controlfield tag="008">961218s1982    mx-a---##b---f000-0#spa-d</controlfield>
  <datafield tag="020" ind1=" " ind2=" ">
    <subfield code="a">9687153083</subfield>
  </datafield>
  <datafield tag="040" ind1=" " ind2=" ">
    <subfield code="a">NNMM</subfield>
    <subfield code="c">NNMM</subfield>
    <subfield code="d">DLC</subfield>
  </datafield>
  <datafield tag="050" ind1=" " ind2="4">
    <subfield code="a">NA5060</subfield>
    <subfield code="b">.T69 1982</subfield>
  </datafield>
  <datafield tag="100" ind1="1" ind2=" ">
    <subfield code="a">Tovar de Teresa, Guillermo</subfield>
    <subfield code="d">1956-</subfield>
    <subfield code="9">559</subfield>
  </datafield>
  <datafield tag="245" ind1="1" ind2="0">
    <subfield code="a">Renacimiento en M&#xE9;xico</subfield>
    <subfield code="b">artistas y retablos</subfield>
    <subfield code="c">Guillermo Tovar de Teresa ; realizaci&#xF3;n y dise&#xF1;o Beatrice Trueblood.</subfield>
  </datafield>
  <datafield tag="260" ind1=" " ind2=" ">
    <subfield code="a">M&#xE9;xico</subfield>
    <subfield code="b">Secretar&#xED;a de Asentamientos Humanos y Obras P&#xFA;blicas</subfield>
    <subfield code="c">1982.</subfield>
  </datafield>
  <datafield tag="300" ind1=" " ind2=" ">
    <subfield code="a">359 p.</subfield>
    <subfield code="b">il. (algunas a color)</subfield>
    <subfield code="c">32 cm.</subfield>
  </datafield>
  <datafield tag="504" ind1=" " ind2=" ">
    <subfield code="a">Bibliograf&#xED;a: p. 353-355</subfield>
  </datafield>
  <datafield tag="650" ind1="1" ind2="4">
    <subfield code="a">Arte renacentista</subfield>
    <subfield code="z">M&#xE9;xico.</subfield>
    <subfield code="9">6614</subfield>
  </datafield>
  <datafield tag="650" ind1="1" ind2="4">
    <subfield code="a">Retablos renacentistas</subfield>
    <subfield code="z">M&#xE9;xico.</subfield>
    <subfield code="9">6661</subfield>
  </datafield>
  <datafield tag="650" ind1="1" ind2="4">
    <subfield code="a">Arte mexicano.</subfield>
    <subfield code="9">2321</subfield>
  </datafield>
  <datafield tag="700" ind1="1" ind2=" ">
    <subfield code="a">Trueblood, Beatrice</subfield>
    <subfield code="9">615</subfield>
  </datafield>
  <datafield tag="942" ind1=" " ind2=" ">
    <subfield code="2">lcc</subfield>
    <subfield code="c">B</subfield>
  </datafield>
  <datafield tag="999" ind1=" " ind2=" ">
    <subfield code="c">1967</subfield>
    <subfield code="d">1967</subfield>
  </datafield>
  <datafield tag="952" ind1=" " ind2=" ">
    <subfield code="0">0</subfield>
    <subfield code="1">0</subfield>
    <subfield code="4">0</subfield>
    <subfield code="7">0</subfield>
    <subfield code="a">BRCA</subfield>
    <subfield code="b">BRCA</subfield>
    <subfield code="d">2008-08-14</subfield>
    <subfield code="l">0</subfield>
    <subfield code="o">NA5060 .T69 1982</subfield>
    <subfield code="p">02260</subfield>
    <subfield code="r">2019-03-22 00:00:00</subfield>
    <subfield code="w">2019-03-22</subfield>
    <subfield code="y">B</subfield>
  </datafield>
</record>
